Joint Forest Management Series: 1-24: FOR REFERENCE ONLY (Record no. 601332)

MARC details
000 -LEADER
fixed length control field 00486nam a2200145Ia 4500
008 - FIXED-LENGTH DATA ELEMENTS--GENERAL INFORMATION
fixed length control field 100415s9999 xx 000 0 und d
082 ## - DEWEY DECIMAL CLASSIFICATION NUMBER
Item number 18435
Classification number 634.9(54)
100 ## - MAIN ENTRY--PERSONAL NAME
Personal name PANDA ABHASH
245 ## - TITLE STATEMENT
Title Joint Forest Management Series: 1-24: FOR REFERENCE ONLY
260 ## - PUBLICATION, DISTRIBUTION, ETC. (IMPRINT)
Date of publication, distribution, etc 1992
Name of publisher, distributor, etc TATA ENERGY RESEARCH INSTITUTE
365 ## - TRADE PRICE
Price amount 5500
630 ## - SUBJECT ADDED ENTRY--UNIFORM TITLE
Uniform title Joint Forest Management Series: 1-24: FOR REFERENCE ONLY
730 ## - ADDED ENTRY--UNIFORM TITLE
Uniform title Joint Forest Management Series: 1-24: FOR REFERENCE ONLY
942 ## - ADDED ENTRY ELEMENTS (KOHA)
Koha item type Book
Holdings
Withdrawn status Lost status Damaged status Not for loan Home library Current library Date acquired Cost, normal purchase price Total Checkouts Full call number Barcode Date last seen Price effective from Koha item type
        Bombay Natural History Society Bombay Natural History Society 12/07/1999 5500.00   634.9(54) 18435 BNHS-18435 04/15/2010 04/15/2010 Book